000 00388 a2200169 4500
001 70009
020 _a8516031098
040 _cAnchieta - Itaigara
100 _aPiroli, Wender
240 1 0 _aO menino e o pinto do menino
_lpor
245 1 0 _aO menino e o pinto do menino
300 _a47
362 0 _a2002
440 1 _aModerna
650 4 _aLiteratura infanto-juvenil
942 _cBK
999 _c70009
_d70009